Diccionario ilustrado del corcho /
Uloženo v:
| Hlavní autor: | |
|---|---|
| Médium: | Elektronický zdroj E-kniha |
| Jazyk: | španělština |
| Vydáno: |
Aranjuez (Madrid) :
Ediciones Doce Calles,
[2015]
|
| Témata: | |
| On-line přístup: | Digitalia Hispánica |
| Tagy: |
Přidat tag
Žádné tagy, Buďte první, kdo vytvoří štítek k tomuto záznamu!
|
MARC
| LEADER | 00000nam a2200000Ii 4500 | ||
|---|---|---|---|
| 001 | DIGDOCEC0162 | ||
| 003 | NyNyDIG | ||
| 006 | m o d | ||
| 007 | cr ||||||||||| | ||
| 008 | 241203s2015 spabd ob 000 0 spa d | ||
| 035 | |a (OCoLC)1478204276 | ||
| 040 | |a DGITA |b eng |e rda |e pn |c DGITA | ||
| 020 | |z 9788497441797 | ||
| 020 | |z 9789899848122 | ||
| 050 | 1 | 4 | |a HD9769.C72 ebook |
| 100 | 1 | |a García Pereda, Ignacio, |e author. | |
| 245 | 1 | 0 | |a Diccionario ilustrado del corcho / |c Ignacio García Pereda. |
| 264 | 1 | |a Aranjuez (Madrid) : |b Ediciones Doce Calles, |c [2015] | |
| 300 | |a 1 online resource : |b ilustrations. | ||
| 336 | |a text |b txt |2 rdacontent | ||
| 337 | |a computer |b c |2 rdamedia | ||
| 338 | |a online resource |b cr |2 rdacarrier | ||
| 347 | |a text file |2 rdaft | ||
| 347 | |b PDF | ||
| 504 | |a Includes bibliographical references. | ||
| 588 | 0 | |a Online resource; title from PDF title page (Digitalia, viewed December 3, 2024) | |
| 650 | 0 | |a Cork industry |v Dictionaries. | |
| 791 | 2 | |a Digitalia (Firm), |e distributor. | |
| 793 | 0 | |g Digitalia eBook Collection: |a Ediciones Doce Calles | |
| 776 | 0 | 8 | |i Print version: |a García Pereda, Ignacio. |t Diccionario ilustrado del corcho. |d Aranjuez (Madrid) : Ediciones Doce Calles, [2015] |z 9788497441797 |
| 856 | 4 | 0 | |3 Digitalia Hispánica |u https://digitalia.unach.elogim.com/a/163184/ |
| 910 | |a Premium collection: 2024 | ||